A Month With St. Paul. (Record n. 37729)

Dettagli MARC
000 -LEADER
fixed length control field 02358nam a22001817a 4500
003 - CONTROL NUMBER IDENTIFIER
control field IT-RoPau
005 - DATE AND TIME OF LATEST TRANSACTION
control field 20220918175937.0
008 - FIXED-LENGTH DATA ELEMENTS--GENERAL INFORMATION
fixed length control field 130110b xxu||||| |||| 00| 0 eng d
040 ## - CATALOGING SOURCE
Transcribing agency IT-RoPau
100 ## - MAIN ENTRY--PERSONAL NAME
Personal name Alberione [James] Giacomo
Fuller form of name Fondatore Famiglia Paolina
9 (RLIN) 139
245 ## - TITLE STATEMENT
Title A Month With St. Paul.
Remainder of title BY REV JAMES ALBERIONE S.S.P. ,S.T.D. AND REV TIMOTHY GIACCARDO S.S.P. TRANSLATED BY THE DAUGHTERS OF ST. PAUL
250 ## - EDITION STATEMENT
Edition statement I
260 ## - PUBLICATION, DISTRIBUTION, ETC. (IMPRINT)
Place of publication, distribution, etc. Boston
Name of publisher, distributor, etc. FSP
Date of publication, distribution, etc. 1985
300 ## - PHYSICAL DESCRIPTION
Extent 218 p.
Dimensions 18,5 cm
490 ## - SERIES STATEMENT
Series statement St. Paul Edition
Volume/sequential designation I
520 ## - SUMMARY, ETC.
Summary, etc. CONTENTS<br/><br/>Introduction<br/>FIRST DAY<br/> A Month With St. Paul<br/>SECOND DAY<br/> St. Paul's Faith<br/>THIRD DAY<br/> St. Paul's Hope<br/>FOURTH DAY<br/> St. Paul Charity Toward God<br/>FIFTH DAY<br/> St. Paul Love of Neighbor<br/>SIXTH DAY<br/> St. Paul's Obedience<br/>SEVENTH DAY<br/> St. Paul' s Poverty<br/>EIGHT DAY<br/> St. Paul's Humility<br/>NINTH DAY<br/> St. Paul 's Chastity<br/>TENTH DAY<br/> St. Paul's Zeal<br/>ELEVENTH DAY<br/> St. Paul's Conversion<br/>TWELFTH DAY<br/> St. Paul's Teaching-His Mission<br/>THIRTEENTH DAY<br/> St. Paul's Teaching-Jesus Christ, <br/> the Center of History<br/>FOURTEENTH DAY<br/> St. Paul's Teaching-The Value of Grace<br/>FIFTEENTH DAY<br/> St. Paul's Teaching-The Holy Church<br/>SIXTEENTH DAY<br/> St. Paul's Teaching-The Pauline Letters<br/>SEVENTEENTH DAY<br/> St. Paul's Teaching-The Dogmatic Doctrine<br/> To Be Believed<br/>EIGHTEENTH DAY<br/> St. Paul's Teaching-The Moral Doctrine<br/>NINETEENTH DAY<br/> St. Paul's Teaching-The Blassed Mother<br/>TWENTIENTH DAY<br/> St. Paul's Teaching-His Pastoral Doctrine<br/>TWENTY-FIRST DAY<br/> St. Paul's Teaching-Five MIssion<br/>TWENTY-SECOND DAY<br/> Devotion to St. Paul-The Holy Mass<br/>TWENTY-THIRD DAY<br/> Devotion to St. Paul's-Holy Communication<br/>TWENTY-FOURTH DAY<br/> Devotion to St. Paul's-The Chaplet<br/>TWENTY-FIFTH DAY<br/> Devotion to St. Paul's- Grace To Be Asked:<br/> Sanctity<br/>TWENTY-SEVENTH DAY<br/> Devotion to St. Paul's- Grace To Be Asked:<br/> Patience<br/>TWENTY-EIGHTH DAY<br/> Devotion to St. Paul's- St. Paul's Loves Us<br/>TWENTY-NINTH DAY<br/> Devotion to St. Paul's-His Power<br/>THIRTIENTH DAY<br/> Devotion to St. Paul's-Promote His<br/> Devotion<br/>THIRTY-FIRST DAY<br/> Devotion to St. Paul's-Martyrdom and<br/> Glory<br/>PRAYERS TO ST. PAUL<br/> <br/> <br/>
942 ## - ADDED ENTRY ELEMENTS (KOHA)
Source of classification or shelving scheme Dewey Decimal Classification
Koha item type LIBRO
Dati di copia
Withdrawn status Lost status Source of classification or shelving scheme Damaged status Not for loan Home library Current library Date acquired Total Checkouts Full call number Date last seen Price effective from Koha item type
    Dewey Decimal Classification Buone Condizioni Not For Loan PAULUS-BIBLIOTECA PAULUS-BIBLIOTECA 10/01/2013   P A8 10/01/2013 10/01/2013 LIBRO
    Dewey Decimal Classification Buone Condizioni Not For Loan PAULUS-BIBLIOTECA PAULUS-BIBLIOTECA 10/01/2013   P A8 10/01/2013 10/01/2013 LIBRO
CREDITS: SOCIETA' SAN PAOLO Via A.Severo, 58 - ROMA (RM) & PERIODICI SAN PAOLO SRL Via Giotto, 36 MILANO & CISF Via Giotto, 36 MILANO & EDIZIONI SAN PAOLO SRL,  Piazza Soncino, 5 CINISELLO BALSAMO (MI) -- ITALY